[Event "GER-ch Seniors 50 36th"]
[Site "Bad Wildungen"]
[Date "2024.08.25"]
[Round "3"]
[White "Nekrasov, Mihail"]
[Black "Springer, Ondrej"]
[Result "1-0"]
[WhiteElo "2239"]
[BlackElo "2062"]
[PlyCount "59"]
[EventDate "2024.08.25"]
[EventType "swiss"]
[EventRounds "9"]
[EventCountry "GER"]
[SourceTitle "CBM 221 Extra"]
[Source "ChessBase"]
[SourceDate "2024.09.30"]
[SourceVersion "1"]
[SourceVersionDate "2024.09.30"]
[SourceQuality "1"]

1. e4 c6 2. d4 d5 3. e5 Bf5 4. h4 h5 5. Bd3 Bxd3 6. Qxd3 Qa5+ 7. b4 Qxb4+ 8. Nd2 Qb5 9. c4 dxc4 10. Nxc4 e6 11. Rb1 Qa6 12. a4 Nh6 13. Bxh6 Rxh6 14. Nf3 b5 15. axb5 cxb5 16. Rxb5 Qa1+ 17. Rb1 Bb4+ 18. Ke2 Qa4 19. Rhc1 Kf8 20. Rxb4 Qxb4 21. Qe4 Kg8 22. Qxa8 Rg6 23. Nfd2 Qf8 24. Qb7 Qd8 25. g3 Nd7 26. Nd6 Nb6 27. Qxf7+ Kh7 28. N2e4 Qa8 29. Ng5+ Kh6 30. Nxe6 1-0

[Event "Oberliga Baden 2324"]
[Site "Germany"]
[Date "2023.12.03"]
[Round "4.4"]
[White "Arnold, Lothar"]
[Black "Nekrasov, Mihail"]
[Result "1/2-1/2"]
[WhiteElo "2382"]
[BlackElo "2257"]
[PlyCount "53"]
[EventDate "2023.09.17"]
[EventType "team-tourn"]
[EventRounds "9"]
[EventCountry "GER"]
[SourceTitle "EXT 2025"]
[Source "ChessBase"]
[SourceDate "2024.10.14"]
[SourceVersion "1"]
[SourceVersionDate "2024.10.14"]
[SourceQuality "1"]
[WhiteTeam "Karlsruhe"]
[BlackTeam "Hockenheim"]
[WhiteTeamCountry "GER"]
[BlackTeamCountry "GER"]

1. e4 c5 2. Nf3 e6 3. d4 cxd4 4. Nxd4 Nf6 5. Nc3 Nc6 6. Ndb5 Bb4 7. e5 Nxe5 8. Bf4 d6 9. a3 Bxc3+ 10. Nxc3 a6 11. Qd2 Qc7 12. 0-0-0 Ke7 13. Bg5 h6 14. Bh4 Ng6 15. Bxf6+ gxf6 16. Ne4 f5 17. Qxd6+ Qxd6 18. Nxd6 Rd8 19. Nxc8+ Raxc8 20. Rxd8 Rxd8 21. Be2 a5 22. Rd1 Rxd1+ 23. Kxd1 Kd6 24. Kd2 b6 25. b4 axb4 26. axb4 Nf4 27. Bf1 1/2-1/2

[Event "Oberliga Baden 2324"]
[Site "Germany"]
[Date "2023.09.17"]
[Round "1.4"]
[White "Hauser, Carlos"]
[Black "Nekrasov, Mihail"]
[Result "1/2-1/2"]
[WhiteElo "2227"]
[BlackElo "2257"]
[PlyCount "22"]
[EventDate "2023.09.17"]
[EventType "team-tourn"]
[EventRounds "9"]
[EventCountry "GER"]
[SourceTitle "EXT 2025"]
[Source "ChessBase"]
[SourceDate "2024.10.14"]
[SourceVersion "1"]
[SourceVersionDate "2024.10.14"]
[SourceQuality "1"]
[WhiteTeam "Walldorf II"]
[BlackTeam "Hockenheim"]
[WhiteTeamCountry "GER"]
[BlackTeamCountry "GER"]

1. d4 d5 2. c4 e6 3. Nc3 Bb4 4. Qa4+ Nc6 5. Nf3 Nf6 6. Bg5 h6 7. Bxf6 Qxf6 8. e3 0-0 9. Be2 dxc4 10. 0-0 Bxc3 11. bxc3 e5 1/2-1/2

[Event "Oberliga Baden 2122"]
[Site "Germany"]
[Date "2022.06.19"]
[Round "7.4"]
[White "Nekrasov, Mihail"]
[Black "Schwierskott, Marc"]
[Result "1/2-1/2"]
[WhiteElo "2272"]
[BlackElo "2137"]
[PlyCount "91"]
[EventDate "2021.10.10"]
[EventType "team-tourn"]
[EventRounds "11"]
[EventCountry "GER"]
[SourceTitle "EXT 2023"]
[Source "ChessBase"]
[SourceDate "2022.10.05"]
[SourceVersion "1"]
[SourceVersionDate "2022.10.05"]
[SourceQuality "1"]
[WhiteTeam "Hockenheim"]
[BlackTeam "Brombach"]
[WhiteTeamCountry "GER"]
[BlackTeamCountry "GER"]

1. e4 c5 2. Nf3 Nc6 3. Bb5 g6 4. Bxc6 dxc6 5. d3 Bg7 6. h3 e5 7. Be3 Qe7 8. Qd2 Nf6 9. Nc3 0-0 10. Bh6 Ne8 11. 0-0 Nc7 12. Bxg7 Kxg7 13. Ne2 f6 14. Nh2 Ne6 15. f4 Nxf4 16. Nxf4 exf4 17. Qxf4 Bd7 18. Qc7 b6 19. Rf2 Rfc8 20. Qf4 Rf8 21. Raf1 Be6 22. Ng4 Bxg4 23. Qxg4 Rae8 24. b3 Qe6 25. Qg3 Qe5 26. Qg4 Qe6 27. Qh4 Qe5 28. Kh1 h5 29. Qf4 Qxf4 30. Rxf4 g5 31. Rf5 h4 32. g3 hxg3 33. Kg2 Re6 34. Kxg3 Rh8 35. e5 Rxe5 36. Rxe5 fxe5 37. Rf5 Kg6 38. Rxe5 Kf6 39. Re4 Rd8 40. h4 gxh4+ 41. Rxh4 Ke5 42. Kf3 Rd7 43. Ke3 Kd6 44. d4 Re7+ 45. Kd3 cxd4 46. Rxd4+ 1/2-1/2

[Event "Oberliga Baden 2122"]
[Site "Germany"]
[Date "2022.03.06"]
[Round "8.2"]
[White "Schlosser, Philipp"]
[Black "Nekrasov, Mihail"]
[Result "1/2-1/2"]
[WhiteElo "2507"]
[BlackElo "2272"]
[PlyCount "99"]
[EventDate "2021.10.10"]
[EventType "team-tourn"]
[EventRounds "11"]
[EventCountry "GER"]
[SourceTitle "EXT 2023"]
[Source "ChessBase"]
[SourceDate "2022.10.05"]
[SourceVersion "1"]
[SourceVersionDate "2022.10.05"]
[SourceQuality "1"]
[WhiteTeam "Baden-Baden III"]
[BlackTeam "Hockenheim"]
[WhiteTeamCountry "GER"]
[BlackTeamCountry "GER"]

1. c4 e6 2. g3 d5 3. Bg2 Nf6 4. Nf3 dxc4 5. Qa4+ Nbd7 6. Qxc4 a6 7. Qc2 c5 8. Nc3 Qc7 9. d4 b5 10. Bf4 Bd6 11. Bxd6 Qxd6 12. dxc5 Qxc5 13. Nd2 Rb8 14. Rc1 Bb7 15. Bxb7 Rxb7 16. Nce4 Qxc2 17. Rxc2 Ke7 18. 0-0 Nxe4 19. Nxe4 f5 20. Ng5 Ne5 21. f4 h6 22. Nxe6 Kxe6 23. fxe5 Rd8 24. Rc6+ Kxe5 25. Rfc1 Rd2 26. Kf2 Rbd7 27. Rxa6 Rxb2 28. Ke3 b4 29. Rc5+ Rd5 30. Rc7 Rd6 31. Rxd6 Kxd6 32. Rxg7 Rxa2 33. Rg6+ Kc5 34. Rf6 Kc4 35. Rc6+ Kb5 36. Rxh6 b3 37. Kd3 b2 38. Kc2 b1Q+ 39. Kxb1 Rxe2 40. h4 Kc4 41. h5 Kd4 42. Kc1 Rh2 43. Rh8 Ke5 44. h6 Kf6 45. Kd1 Kg6 46. Rg8+ Kf6 47. Rf8+ Kg6 48. Rg8+ Kf6 49. Rf8+ Kg6 50. Rg8+ 1/2-1/2

[Event "Verbandsliga Nordbaden 1920"]
[Site "Baden"]
[Date "2019.11.10"]
[Round "2.2"]
[White "Nekrasov, Mihail"]
[Black "Sulzbach, Sven"]
[Result "1/2-1/2"]
[WhiteElo "2272"]
[BlackElo "2195"]
[PlyCount "37"]
[EventDate "2019.09.29"]
[EventType "team-tourn"]
[EventRounds "9"]
[EventCountry "GER"]
[SourceTitle "EXT 2021"]
[Source "ChessBase"]
[SourceDate "2020.10.23"]
[SourceVersion "1"]
[SourceVersionDate "2020.10.23"]
[SourceQuality "1"]
[WhiteTeam "Hockenheim II"]
[BlackTeam "Lindenhof"]
[WhiteTeamCountry "GER"]
[BlackTeamCountry "GER"]

1. e4 c5 2. Nf3 d6 3. d4 cxd4 4. Nxd4 Nf6 5. Nc3 g6 6. Be3 Bg7 7. f3 0-0 8. Qd2 Nc6 9. 0-0-0 d5 10. Qe1 e5 11. Nxc6 bxc6 12. exd5 Nxd5 13. Bc4 Be6 14. Ne4 Qc7 15. Bc5 Rfd8 16. g4 h6 17. h4 f5 18. gxf5 gxf5 19. Ng3 1/2-1/2

[Event "GER-ch Seniors 50 31st"]
[Site "Radebeul"]
[Date "2019.04.26"]
[Round "1"]
[White "Nekrasov, Mihail"]
[Black "Steiger, Michael"]
[Result "1-0"]
[WhiteElo "2277"]
[BlackElo "1982"]
[PlyCount "35"]
[EventDate "2019.04.26"]
[EventType "swiss"]
[EventRounds "9"]
[EventCountry "GER"]
[SourceTitle "CBM 190 Extra"]
[Source "ChessBase"]
[SourceDate "2019.07.15"]
[SourceVersion "1"]
[SourceVersionDate "2019.07.15"]
[SourceQuality "1"]

1. e4 c5 2. Nf3 d6 3. d4 Nf6 4. Bb5+ Bd7 5. Bxd7+ Qxd7 6. e5 dxe5 7. dxe5 Nd5 8. 0-0 e6 9. Qe2 Be7 10. Rd1 Qc7 11. c4 Nb4 12. Nc3 a6 13. Bf4 0-0 14. Ne4 Nd7 15. g3 Rfd8 16. Nf6+ Kh8 17. Ng5 Nf8 18. Nxf7# 1-0

[Event "Pfalz op 10th"]
[Site "Neustadt an der Weinstrasse"]
[Date "2019.03.05"]
[Round "9"]
[White "Wecker, Martin"]
[Black "Nekrasov, Mihail"]
[Result "1-0"]
[WhiteElo "2145"]
[BlackElo "2285"]
[PlyCount "117"]
[EventDate "2019.03.01"]
[EventType "swiss"]
[EventRounds "9"]
[EventCountry "GER"]
[SourceTitle "CBM 189 Extra"]
[Source "ChessBase"]
[SourceDate "2019.05.31"]
[SourceVersion "1"]
[SourceVersionDate "2019.05.31"]
[SourceQuality "1"]

1. Nf3 d5 2. d4 Nf6 3. c4 e6 4. g3 dxc4 5. Bg2 Nc6 6. Qa4 Bb4+ 7. Bd2 Nd5 8. Qb5 Bxd2+ 9. Nbxd2 c3 10. bxc3 Nxc3 11. Qc4 Nd5 12. 0-0 0-0 13. Ne4 Na5 14. Qa4 b6 15. Rfc1 Bb7 16. Ne5 f6 17. Nc4 Nxc4 18. Rxc4 Qe7 19. Rac1 c6 20. Qb3 Rfd8 21. a4 Kh8 22. a5 Qd7 23. Qa3 Rac8 24. e3 Ba6 25. axb6 Bxc4 26. Nc5 Qe7 27. b7 Rb8 28. Rxc4 Rxb7 29. Qa2 Rb6 30. Ra4 Ra8 31. Ra3 g6 32. e4 Nb4 33. Qc4 e5 34. dxe5 fxe5 35. Bh3 Rb5 36. Nd7 Rb7 37. Nc5 Rbb8 38. Nd7 Rd8 39. Ra5 Rxd7 40. Bxd7 Qxd7 41. Qxb4 Re8 42. Rxe5 Kg8 43. Qc4+ Kg7 44. Ra5 Rf8 45. Qc3+ Kg8 46. Qb3+ Kg7 47. Qe3 Rf7 48. h4 h5 49. Ra1 Re7 50. Qc5 Kh6 51. Kg2 Rxe4 52. Rxa7 Qf5 53. Qc1+ g5 54. hxg5+ Kg6 55. Qxc6+ Re6 56. Qb7 Qe4+ 57. Qxe4+ Rxe4 58. f4 Rb4 59. Kh3 1-0

[Event "Oberliga Baden 1819"]
[Site "Baden"]
[Date "2019.01.20"]
[Round "5.4"]
[White "Haag, Gregor"]
[Black "Nekrasov, Mihail"]
[Result "1/2-1/2"]
[WhiteElo "2340"]
[BlackElo "2298"]
[PlyCount "42"]
[EventDate "2018.10.21"]
[EventType "team-tourn"]
[EventRounds "9"]
[EventCountry "GER"]
[SourceTitle "EXT 2020"]
[Source "ChessBase"]
[SourceDate "2019.10.17"]
[SourceVersion "1"]
[SourceVersionDate "2019.10.17"]
[SourceQuality "1"]
[WhiteTeam "Brombach"]
[BlackTeam "Hockenheim II"]
[WhiteTeamCountry "GER"]
[BlackTeamCountry "GER"]

1. d4 Nf6 2. c4 e6 3. Nf3 d5 4. Nc3 Bb4 5. Qa4+ Nc6 6. e3 0-0 7. Bd2 dxc4 8. Bxc4 Bd6 9. Nb5 Be7 10. 0-0 a6 11. Nc3 Bd6 12. h3 e5 13. Qc2 exd4 14. exd4 b5 15. Be2 Nb4 16. Qc1 Bf5 17. Bg5 Nc2 18. Nh4 Nxd4 19. Nxf5 Nxf5 20. Bf3 Rb8 21. Rd1 h6 1/2-1/2

[Event "Untergrombach op 36th"]
[Site "Untergrombach"]
[Date "2019.01.04"]
[Round "4"]
[White "Mueller, Erich"]
[Black "Nekrasov, Mihail"]
[Result "1/2-1/2"]
[WhiteElo "2056"]
[BlackElo "2295"]
[PlyCount "149"]
[EventDate "2019.01.02"]
[EventType "swiss"]
[EventRounds "7"]
[EventCountry "GER"]
[SourceTitle "CBM 188 Extra"]
[Source "ChessBase"]
[SourceDate "2019.02.28"]
[SourceVersion "1"]
[SourceVersionDate "2019.02.28"]
[SourceQuality "1"]

1. f4 d5 2. Nf3 Nf6 3. b3 g6 4. Bb2 Bg7 5. e3 0-0 6. Be2 c5 7. 0-0 Nc6 8. Ne5 Nxe5 9. Bxe5 Ne8 10. Bxg7 Nxg7 11. Qe1 Qd6 12. Nc3 e5 13. fxe5 Qxe5 14. Bf3 Be6 15. Ne2 Rad8 16. a4 a5 17. Qf2 b6 18. d4 Qc7 19. Nf4 cxd4 20. Nxe6 Nxe6 21. exd4 Ng5 22. Qd2 Nxf3+ 23. Rxf3 Rfe8 24. Qf4 Qxf4 25. Rxf4 Rc8 26. Rf2 Re4 27. Rd1 f5 28. Rfd2 Re3 29. Rf1 Re4 30. Rfd1 Kf7 31. Kf2 Ke6 32. Re1 Rc3 33. Ree2 f4 34. Kf1 Kf5 35. Rf2 Ree3 36. Rfe2 Ke4 37. Ke1 g5 38. Kd1 g4 39. Rf2 h5 40. Rf1 h4 41. Re1 Rxe1+ 42. Kxe1 Ke3 43. Rf2 f3 44. Rd2 Kf4 45. Kf1 g3 46. gxf3 Kxf3 47. hxg3 hxg3 48. Re2 Re3 49. Rd2 Ke4 50. Kg2 Rc3 51. Kf1 Ke3 52. Ke1 Ke4 53. Kf1 Rf3+ 54. Ke1 Rf2 55. Rd3 Rxc2 56. Rxg3 Kxd4 57. Rg6 Kc5 58. Rg3 Kb4 59. Rg6 Kxb3 60. Rxb6+ Kxa4 61. Kd1 Rc5 62. Kd2 Ka3 63. Kd3 a4 64. Kd4 Rc1 65. Kxd5 Ka2 66. Kd4 a3 67. Kd3 Rb1 68. Ra6 Rb8 69. Kc3 Rc8+ 70. Kd3 Kb2 71. Rb6+ Ka1 72. Kd2 a2 73. Rb7 Rh8 74. Rb6 Rh1 75. Kc2 1/2-1/2

[Event "GER-ch Seniors 65"]
[Site "Hamburg"]
[Date "2018.07.23"]
[Round "3"]
[White "Nekrasov, Mihail"]
[Black "Rache, Ralf"]
[Result "1-0"]
[WhiteElo "2305"]
[BlackElo "1887"]
[PlyCount "73"]
[EventDate "2018.07.21"]
[EventType "swiss"]
[EventRounds "9"]
[EventCountry "GER"]
[SourceTitle "CBM 186 Extra"]
[Source "ChessBase"]
[SourceDate "2018.08.24"]
[SourceVersion "1"]
[SourceVersionDate "2018.08.24"]
[SourceQuality "1"]

1. e4 c5 2. Nf3 Nc6 3. d4 cxd4 4. Nxd4 Nf6 5. Nc3 e5 6. Ndb5 d6 7. Bg5 a6 8. Na3 b5 9. Nd5 Be7 10. Bxf6 Bxf6 11. c3 0-0 12. Nc2 Bg5 13. a4 bxa4 14. Rxa4 Ne7 15. Bc4 Bb7 16. Ncb4 a5 17. Nxe7+ Bxe7 18. Nd5 Ba6 19. Bxa6 Rxa6 20. b4 Bg5 21. 0-0 f5 22. exf5 Rxf5 23. Qd3 Qc8 24. b5 Ra7 25. b6 Raf7 26. Rxa5 Qc6 27. Qe4 Kh8 28. f3 Bd8 29. Rb1 g6 30. Kh1 Kg7 31. Ra7 Rb7 32. Rxb7+ Qxb7 33. Nc7 Qb8 34. Na6 d5 35. Qxd5 e4 36. Qd7+ Rf7 37. Qxf7+ 1-0

[Event "Oberliga Baden 1718"]
[Site "Baden"]
[Date "2018.04.15"]
[Round "9.3"]
[White "Scherer, Max"]
[Black "Nekrasov, Mihail"]
[Result "1/2-1/2"]
[WhiteElo "2227"]
[BlackElo "2319"]
[PlyCount "128"]
[EventDate "2017.10.08"]
[EventType "team-tourn"]
[EventRounds "9"]
[EventCountry "GER"]
[SourceTitle "EXT 2019"]
[Source "ChessBase"]
[SourceDate "2018.10.10"]
[SourceVersion "1"]
[SourceVersionDate "2018.10.10"]
[SourceQuality "1"]
[WhiteTeam "Dreisamtal"]
[BlackTeam "Hockenheim II"]
[WhiteTeamCountry "GER"]
[BlackTeamCountry "GER"]

1. c4 e6 2. Nf3 d5 3. b3 Nf6 4. Bb2 Be7 5. g3 0-0 6. Bg2 b6 7. 0-0 Bb7 8. d4 dxc4 9. bxc4 c5 10. e3 Qc7 11. Na3 Rd8 12. Rc1 Nc6 13. Qa4 a6 14. Rfd1 Nb4 15. Qb3 Rac8 16. Nb1 Nc6 17. Qc2 Nb4 18. Qb3 Nc6 19. Nbd2 Na5 20. Qc2 cxd4 21. exd4 b5 22. c5 Bd5 23. Bc3 Nc6 24. a3 Rb8 25. Nf1 a5 26. Ne3 Be4 27. Qe2 Nd5 28. Bb2 h6 29. Bf1 Nf6 30. Ng2 Bd5 31. Qe3 Ng4 32. Qd3 Bc4 33. Qc2 Bxf1 34. Kxf1 Nf6 35. Ne3 Nd5 36. Qe4 Bg5 37. Nxg5 hxg5 38. Kg2 Qe7 39. Re1 Rb7 40. Rc2 Qf6 41. Ng4 Qe7 42. Ne5 Nxe5 43. dxe5 Rc8 44. Bd4 b4 45. axb4 axb4 46. Rb2 g6 47. Rh1 Kg7 48. Qd3 Qd7 49. Ra1 Rxc5 50. Qd2 Rc4 51. Rd1 Qc6 52. Kg1 g4 53. Qg5 Rd7 54. Rbd2 Rc1 55. Qxg4 Rxd1+ 56. Qxd1 Qc4 57. h4 Rc7 58. Qf3 Qc1+ 59. Rd1 Qc2 60. Rd3 Rb7 61. Rb3 Qc4 62. Bb2 Ra7 63. h5 gxh5 64. Qxh5 Qxb3 1/2-1/2

[Event "GER CupT prel"]
[Site "Germany"]
[Date "2018.03.03"]
[Round "1.1"]
[White "Bacrot, Etienne"]
[Black "Nekrasov, Mihail"]
[Result "1/2-1/2"]
[WhiteElo "2718"]
[BlackElo "2319"]
[PlyCount "56"]
[EventDate "2018.03.03"]
[EventType "team-k.o."]
[EventRounds "2"]
[EventCountry "GER"]
[SourceTitle "CBM 183 Extra"]
[Source "ChessBase"]
[SourceDate "2018.04.19"]
[SourceVersion "1"]
[SourceVersionDate "2018.04.19"]
[SourceQuality "1"]
[WhiteTeam "Baden-Baden"]
[BlackTeam "Hockenheim"]
[WhiteTeamCountry "GER"]
[BlackTeamCountry "GER"]

1. e4 d5 2. exd5 Qxd5 3. Nc3 Qa5 4. d4 Nf6 5. Bd2 Bg4 6. f3 Bd7 7. Bc4 Qb6 8. Nge2 e6 9. 0-0 Be7 10. Kh1 0-0 11. a4 c5 12. a5 Qd8 13. Be3 cxd4 14. Nxd4 Nc6 15. a6 Qc8 16. axb7 Qxb7 17. Nb3 a5 18. Na4 Ne5 19. Be2 Rfd8 20. Qc1 Nd5 21. Bd4 Bxa4 22. Rxa4 Nc6 23. Bf2 Rdc8 24. Qd2 Rd8 25. Qc1 Rdc8 26. Rd1 h6 27. Rc4 Ne5 28. Re4 a4 1/2-1/2